Dignidade da pessoa humana : (Record no. 719)

MARC details
000 -LÍDER
Campo Fixo de Controle 00715nam a2200253 a 4500
001 - NÚMERO DE CONTROLE
Campo de Controle 719
003 - IDENTIFICAÇÃO DO NÚMERO DE CONTROLE
Campo de Controle BR-CuiBMT
005 - DATA E HORA DA ÚLTIMA ATUALIZAÇÃO
Campo de Controle 20231114191636.0
008 - DADOS FIXOS
Dados Fixos 231114s2020 mgb 000 0 por d
020 ## - INTERNATIONAL STANDARD BOOK NUMBER
Nº do ISBN 9786555182064
040 ## - AGÊNCIA CATALOGADORA
Código da Agência Catalogadora BR-CuiBMT
Agência que transcreveu o registro BR-CuiBMT
080 ## - Nº DA CLASSIFICAÇÃO DECIMAL UNIVERSAL
Nº edição CDU 2007
Nº Class. CDU 342.7
090 ## - NÚMERO DE CHAMADA
Nº classificação 342.7
Cutter S246d
Ano/Edição 3. ed.
100 1# - ENTRADA PRINCIPAL -- AUTOR PESSOAL
Nome pessoal Sarmento, Daniel
245 10 - TÍTULO PRINCIPAL
Título principal Dignidade da pessoa humana :
Subtítulo conteúdo, trajetória e metodologia /
Indicação de responsabilidade Daniel Sarmento.
250 ## - EDIÇÃO
Edição 3. ed.
260 ## - PUBLICAÇÃO, DISTRIBUIÇÃO, ETC.
Local de publicação Belo Horizonte :
Editora Fórum,
Data 2020.
300 ## - DESCRIÇÃO FÍSICA
N. páginas ou volumes 462 p. ;
Dimensões 22 cm
504 ## - NOTA DE BIBLIOGRAFIA, ETC.
Nota de bibliografia Inclui bibliografia.
650 ## - ASSUNTO TÓPICO
Cabeçalho tópico ou nome geográfico Direito constitucional
650 ## - ASSUNTO TÓPICO
Cabeçalho tópico ou nome geográfico Direitos humanos
650 ## - ASSUNTO TÓPICO
Cabeçalho tópico ou nome geográfico Filosofia do direito
942 ## - ELEMENTOS DE ENTRADA ADICIONAIS (KOHA)
Fonte de classificação ou esquema de arquivamento Classificação Decimal Universal
Tipo de item do Koha Livros
Holdings
Estado: removido Estado: perdido Fonte de classificação ou esquema de arquivamento Estado: danificado Indisponível para empréstimo Localização permanente Localização atual Data de aquisição Total Checkouts Número de Chamada completo Código de barras Date last seen Número do exemplar Preço efetivo a partir de Tipo de item (Koha)
    Classificação Decimal Universal     Biblioteca da Escola Superior de Contas do TCE/MT Biblioteca da Escola Superior de Contas do TCE/MT 14/11/2023   342.7 S246d 3. ed. BIBTCEMT23110570 14/11/2023 Ex. 1 14/11/2023 Livros
    Classificação Decimal Universal     Biblioteca da Escola Superior de Contas do TCE/MT Biblioteca da Escola Superior de Contas do TCE/MT 23/11/2023   342.7 S246d 3. ed. BIBTCEMT23110930 23/11/2023 Ex. 2 23/11/2023 Livros
    Classificação Decimal Universal     Biblioteca da Escola Superior de Contas do TCE/MT Biblioteca da Escola Superior de Contas do TCE/MT 23/11/2023   342.7 S246d 3. ed. BIBTCEMT23110931 23/11/2023 Ex. 3 23/11/2023 Livros

Powered by Koha